Normal view
MARC view
- Compost.
Entry Topical Term
001 - CONTROL NUMBER
- control field: 6974
003 - CONTROL NUMBER IDENTIFIER
- control field: NUST
005 - DATE AND TIME OF LATEST TRANSACTION
- control field: 20171206102724.0
008 - FIXED-LENGTH DATA ELEMENTS
- fixed length control field: 171206|| aca||aabn | a|a d
040 ## - CATALOGING SOURCE
- Original cataloging agency: NUST
- Transcribing agency: NUST
150 ## - HEADING--TOPICAL TERM
- Topical term or geographic name entry element: Compost.
670 ## - SOURCE DATA FOUND
- Source citation: Work cat.: (NUST)124: Epstein, Eliot, 1929- 6973, The science of composting /, c1997.
